000
00215nam a2200085Ia 4500
008
170617s9999 xx 000 0 und d
100
_a
Behl- Srivastwa
245
0
_a
Herbs useful in Dermato logical Theraphy
260
_b
C B S Pub
260
_c
2002
999
_c
15335
_d
15335